000 01135nam2a22002531 4500
001 v19\rc\1467335
005 20250618145339.0
035 _a(NLR Aleph) 004603615
090 _a2818858
_c2818858
100 _a20060620d1901 |||y0rusy50 ca
101 0 _arus
102 _aRU
105 _ay z |||||
200 0 _aXXVII ... за 1900-1901 г.
210 _d1901
_aБ. м.
215 _a21 с.
461 0 _1001v19\rc\1467308
_12001#$aГодовой баланс... Веприкского промышленного и торгового на паях товарищества$vXXVII ... за 1900-1901 г.
_92818511
_aВеприкское промышленное и торговое на паях товарищество (Гадяч. уезд)
_c[Харьков
_d1876]-1905
_tГодовой баланс... Веприкского промышленного и торгового на паях товарищества
_vXXVII ... за 1900-1901 г.
801 0 _aRU
_bNLR
_gpsbo
801 0 _aRU
_bRuMoRGB
_2psbo
801 1 _aRU
_bProSoft-M
_2rusmarc
852 _aNLR
_j20.73.1.8
852 _aNLR
_j38.28.2.3
942 _cBOOK
980 _aNB